| 000 | 00492nam a2200181Ia 4500 | ||
|---|---|---|---|
| 001 | 16968 | ||
| 005 | 20260306170350.0 | ||
| 008 | 260306t2014||||xx |||||||||||||| ||und|| | ||
| 041 | _aESP | ||
| 082 |
_a657.32 _bF59 |
||
| 100 |
_aFlórez Sánchez, Edmundo Alberto _eAUT |
||
| 245 | 0 |
_aManual contable en la implementación de las NIIF: _bherramientas para elaborarlo |
|
| 260 | _c2014 | ||
| 300 |
_a157 páginas : _c24 cm. |
||
| 650 | _aGEN | ||
| 654 | _aCCO | ||
| 942 |
_cLIB _dJUS _fJUS _2ddc _n |
||
| 999 |
_c16968 _d16968 |
||